लोड हो रहा है...
Comparative Economics in a Transforming World Economy/
| मुख्य लेखक: | |
|---|---|
| भाषा: | English |
| प्रकाशित: |
The MIT Press Cambridge
2018
|
| संस्करण: | 3 |
| LEADER | 00531 a2200157 4500 | ||
|---|---|---|---|
| 008 | 191101b xxu||||| |||| 00| 0 eng d | ||
| 999 | |c 189226 |d 189226 | ||
| 020 | |a 9780262037334 | ||
| 084 | |2 cc |a X.1 | ||
| 100 | |a Rosser,J Barkley ; Rosser, Marina V | ||
| 245 | |a Comparative Economics in a Transforming World Economy/ | ||
| 250 | |a 3 | ||
| 260 | |b The MIT Press Cambridge |c 2018 | ||
| 300 | |b x+646p. | ||
| 942 | |c GEN | ||
| 952 | |0 0 |1 0 |4 0 |6 X__1_000000000000000_Q8 |7 0 |9 329921 |a LIB |b LIB |d 2019-01-18 |e 1 |g 7530.65 |o X.1 Q8 |p 310043 |r 2019-01-18 |v 9183.72 |y GEN | ||